000
00309nam a22001337a 4500
008
170922b xxu||||| |||| 00| 0 eng d
020
_a
9780205738915
041
_a
eng
080
_2
5TH
_a
37
100
_a
46
101
_a
EDU
245
_a
MOSAICS READING AND WRITING ESSAYS
_c
FLACHMANN,K
942
_2
udc
_c
BK
999
_c
28977
_d
28977